000 00775na a2200241 4500
001 18464
003 MIRAKIL
005 20181213155013.0
008 161118b tu 000 0
040 _aMilas
_btur
_cTR-AnCHP
041 _atur
082 _a338.9
_bB37i 2003
090 _a338.9 B37i 2003
111 _aBeş Yıllık Kalkınma Planı
_d2001-2005
_n8.
245 _a2003 Yılı programı
_cDevlet Planlama Teşkilatı (DPT)
260 _aAnkara
_bDPT
_c2003
300 _a268 s.
_btbl.; grf.
_c23 sm.
610 _aDevlet Planlama Teşkilatı (DPT)
_xKalkınma planları
650 _aKalkınma planı
_d2001-2005
_xProgramlar, 2003
651 _aTürkiye
_xBeş yıllık kalkınma planları
710 _aDevlet Planlama Teşkilatı (DPT)
942 _2ddc
_cBKS
999 _c4651
_d4651